000 01227nam2a22002291 4500
001 v19\rc\2073253
005 20260407070634.0
035 _a(NLR Aleph) 005170457
090 _a5065231
_c5065231
100 _a20081218d1916 |||y0rusy50 ca
101 0 _arus
102 _aRU
105 _ay z |||||
200 1 _aО тех вопросах элементарной геометрии, которые решаются обыкновенно помощью пределов
_fА.П. Киселев
461 0 _1001v19\rc\2073248
_12001#$a[Издания]$eОтд. математики. 1915-1916. Вып. 1-$vВып. 5
_95065188
_aПедагогический музей военно-учебных заведений (Петербург). Математический отдел
_cПетроград
_d1916
_nтип. В.Я. Мильштейна
_oОтд. математики. 1915-1916. Вып. 1-
_t[Издания]
_vВып. 5
700 1 _8rus
_7ca
_aКиселев
_bА. П.
_cпедагог, математик
_f1852-1940
_gАндрей Петрович
_3RU\NLR\AUTH\770166867
_9166820
801 0 _aRU
_bNLR
_gpsbo
801 1 _aRU
_bProSoft-M
_2rusmarc
852 _aNLR
_j34.106.6.128
942 _cBOOK
980 _aNB